December 2024 RICS/Ci Portuguese Housing Market Survey (Record no. 122111)

MARC details
000 -LEADER
fixed length control field 02152nam a22002297a 4500
008 - FIXED-LENGTH DATA ELEMENTS--GENERAL INFORMATION
fixed length control field 250303e20250204po |||||o|||| 00| 0 eng d
041 ## - LANGUAGE CODE
Language code of text/sound track or separate title eng
110 ## - MAIN ENTRY--CORPORATE NAME
Corporate author Royal Institution of Chartered Surveyors
245 ## - TITLE STATEMENT
Title December 2024 RICS/Ci Portuguese Housing Market Survey
Medium [Electronic resource]
260 ## - PUBLICATION INFORMATION
Publisher Royal Institution of Chartered Surveyors & Confidencial Imobilario
Date 4 February 2025
Place of publication London,
300 ## - PHYSICAL DESCRIPTION
Physical description 5p
490 ## - SERIES TITLE
Series statement Portuguese Housing Market Survey
520 ## - ABSTRACT
Abstract RICS, in partnership with Confidencial Imobiliario, produces the Portuguese Housing Market Survey, a sentiment survey that collects and analyses the opinions of professionals in agency and development about the prices, availability and demand of residential property in three areas of the country: Greater Lisbon, Greater Oporto and the Algarve. <br/><br/>The December 2024 edition of the RICS/Ci PHMS presents <br/>a slightly more optimistic outlook when compared to recent <br/>iterations of the survey, with a modest increase in both transaction <br/>levels and demand. Furthermore, expectations within both the <br/>sales and lettings market have risen in a similar fashion.<br/>Starting with new buyer enquiries, the net balance has moved into <br/>the positive zone from -2% last month to +6% this month, although <br/>this remains close enough to 0 to be regarded as a relatively <br/>neutral trend. On the supply side, the level of new instructions <br/>coming to market has shown a further deterioration, with the net <br/>balance becoming more negative, moving from -16% to -28% this <br/>month. <br/>Moving over to the volume of sales, this metric has also turned <br/>positive with the latest reading of +10% marking an 11pp increase <br/>from November<br/>
650 ## - KEYWORDS
Keywords HOUSING MARKET
650 ## - KEYWORDS
Keywords RESIDENTIAL PROPERTY
651 ## - SUBJECT ADDED ENTRY--GEOGRAPHIC NAME
Geographic name Portugal
690 ## - BROAD SUBJECT
Broad subject Residential property
9 (RLIN) 6266
710 ## - ADDED CORPORATE NAME
Added corporate author Royal Institution of Chartered Surveyors
710 ## - ADDED CORPORATE NAME
Added corporate author Confidencial Imobiliário
856 ## - ONLINE RESOURCE
Uniform Resource Identifier <a href="https://www.rics.org/content/dam/ricsglobal/documents/market-surveys/rics-ci-portuguese-housing-market-survey/Portuguese-housing-market-survey-December-2024.pdf">https://www.rics.org/content/dam/ricsglobal/documents/market-surveys/rics-ci-portuguese-housing-market-survey/Portuguese-housing-market-survey-December-2024.pdf</a>
Public note Available on RICS.org
942 ## - ADDED ENTRY ELEMENTS (KOHA)
Suppress in OPAC Do not suppress in OPAC
Holdings
Lost status Damaged status Not for loan Current library Shelving location Date acquired Total Checkouts Full call number Date last seen Price effective from Koha item type
      Virtual Online 03/03/2025   PROPERTY MARKET DATA 03/03/2025 03/03/2025 Online material